=LDR 00000nam 2200000 4500 =001 INLIS000000000040456 =005 20130612150024 =008 ***********************************ind** =035 ##$$0010-061300000040456 =041 ##$$a ind =082 ##$$a 681.1 =090 ##$$a 681.1, Pra m =100 ##$$a PRAHASTA, Eddy =245 ##$$a Model permukaan digital, Eddy prahasta =260 ##$$a 2008 $b Bandung =300 ##$$a Xiv,538 Hlm, 21 cm =650 ##$$a TEKNOLOGI DIGITAL =850 ##$$a NBPNMAT